Enriquecerse tampoco es gratis. Educación, modernidad y mercado.

Gardado en:
Detalles Bibliográficos
Autor Principal: Orellana Benado, Miguel E. (autor)
Formato: Libro
Idioma:inglés
Publicado: Santiago, Chile: Universidad de Santiago de Chile (USACH), 2013.
Edición:Primera edición.
Series:Colección Ciencias Sociales.
Subjects:
Tags: Engadir etiqueta
Sen Etiquetas, Sexa o primeiro en etiquetar este rexistro!

MARC

LEADER 00000nam a22000007a 4500
003 CL-VaPUC
005 20221027161803.0
008 220726t2013 ||||| |||| 00| 0 eng d
999 |c 437547  |d 437545 
020 |a 978-956-303-188-1 
040 |c Pontificia Universidad Católica de Valparaíso 
082 |2 22  |a 378.83 ORE 2013 
100 |a Orellana Benado, Miguel E.  |e autor  |9 357071 
245 |a Enriquecerse tampoco es gratis.   |b Educación, modernidad y mercado.  
250 |a Primera edición.  
260 |a Santiago, Chile:   |b Universidad de Santiago de Chile (USACH),   |c 2013. 
300 |a 174 páginas.  
490 |a Colección Ciencias Sociales.  
500 |a c.1 Donación Familia Prof. Alejandro Guzmán Brito. 
583 |c 20220726  |k Yessy Sthefany Diaz Vidal 
650 0 |9 223851  |a Educación superior   |x Historia   |z Chile  
650 0 |a Universidades y colegios   |x Objetivos   |z Chile   |9 873891 
942 |2 ddc  |c BK  |n 0 
952 |0 0  |1 0  |2 ddc  |4 0  |6 378_830000000000000_ORE_2013  |7 1  |8 C_AGB  |9 585325  |a BIBDER  |b BIBDER  |d 2022-07-26  |e Donación   |i 5653365  |o 378.83 ORE 2013  |p 5653365  |r 2023-01-25  |t 1  |w 2022-07-26  |y BK_US  |k AGB